E-business a vállalatoknál

Bibliographic Details
Main Author: Fridrich Marcell
Other Authors: Benkőné dr. Deák Dr. Ibolya
Format: Project work
Kulcsszavak:Bevezetés
Megoldás
A VÁLLALAT BEMUTATÁSA
Vállalatfejlesztés
Tevékenycsoport
Elektronikus adatcsere
Vásárló-orientált
Online Access:http://dolgozattar.uni-bge.hu/12067

MARC

LEADER 00000nnm a2200000 i 4500
001 dolg12067
005 20170517152045.0
008 170517suuuu hu o 000 hun d
040 |a BGE Dolgozattár Repozitórium  |b hun 
041 |a hu 
100 1 |a Fridrich Marcell 
245 1 0 |a E-business a vállalatoknál  |c Fridrich Marcell  |h [elektronikus dokumentum] 
246 1 1 |a E-business a vállalatoknál 
516 |a Project_work 
695 |a Bevezetés 
695 |a Megoldás 
695 |a A VÁLLALAT BEMUTATÁSA 
695 |a Vállalatfejlesztés 
695 |a Tevékenycsoport 
695 |a Elektronikus adatcsere 
695 |a Vásárló-orientált 
700 1 |a Benkőné dr. Deák Dr. Ibolya  |e ths 
856 4 0 |u http://dolgozattar.uni-bge.hu/12067/1/z%C3%A1r%C3%B3dolgozat%20fridrich%20marcell%20mn322i%20foszk%20gif.pdf  |z Dokumentum-elérés 
856 4 0 |u http://dolgozattar.uni-bge.hu/12067/2/szakmaigyakorlat%20besz%C3%A1mol%C3%B3%20fridrich%20marcell%20mn322i%20foszk%20gif.pdf  |z Dokumentum-elérés